000 00435nam a2200181Ia 4500
001 24082
005 20260414151019.0
008 260414t1986||||xx |||||||||||||| ||spa||
041 _aESP
082 _a759.98502
_bC46
100 _aCenter for Inter-American Relation
_eAUT
245 0 _aGloria in excelsis
_b
260 _c1986
300 _a96 páginas :
_c27 cm.
650 _aABD
654 _aCAU
942 _cLIB
_dJUS
_fJUS
_2ddc
_n
999 _c24082
_d24082